000 00507nam a2200097Ia 4500
008 170517s9999 xx 000 0 und d
245 _aOur Chemical Lives
300 _aThe chemical industry began to accelerate following World War II. Today, chemicals are so omnipresent in our lives that many times we are unaware of our daily interactions with them. Their presence is often insidious, and lax regulatory guidelines...
650 _xTechnology.
856 _uhttp://topdocumentaryfilms.com/our-chemical-lives/
999 _c335066
_d335066